|
|
|
|
| LEADER |
01195cam a2200313 7i4500 |
| 001 |
0000084573 |
| 005 |
20250218090000.0 |
| 020 |
|
|
|a 9678904438
|
| 020 |
|
|
|a 9789678908078
|
| 020 |
|
|
|a 9678908077 (pbk.)
|
| 020 |
|
|
|a 9789678904438
|
| 090 |
0 |
0 |
|a KPG2570.A31982
|b A258 2004
|
| 110 |
1 |
|
|a Malaysia
|
| 240 |
1 |
0 |
|a Akta (Perancangan) Wilayah Persekutuan 1982 (Akta 267)
|
| 245 |
1 |
0 |
|a Akta (Perancangan) Wilayah Persekutuan 1982 (Akta 267)
|c disusun oleh: Lembaga Penyelidikan Undang-Undang.
|
| 246 |
3 |
|
|a Akta (Perancangan) Wilayah Persekutuan 1982 (Akta 267).
|
| 264 |
|
|
|a Kuala Lumpur:
|b International Law Book Services,
|c 1998-.
|
| 300 |
|
|
|a various pagings;
|c 24 cm.
|
| 336 |
|
|
|a text
|2 rdacontent
|
| 337 |
|
|
|a unmediated
|2 rdamedia
|
| 338 |
|
|
|a volume
|2 rdacarrier
|
| 500 |
|
|
|a Library has: Hingga 15hb Mac 2004
|
| 650 |
|
0 |
|a Land tenures --
|x Law and legislation --
|z Malaysia
|
| 650 |
|
0 |
|a Public lands --
|z Malaysia
|
| 710 |
2 |
|
|a Lembaga Penyelidikan Undang-Undang
|
| 997 |
|
|
|a Health Sciences, Faculty
|
| 999 |
|
|
|a 0000038665
|b BOK
|c ACTS
|e 2nd Floor, Shah Alam
|
| 999 |
|
|
|a 0000038666
|b BOK
|c ACTS
|e 2nd Floor, Shah Alam
|
| 999 |
|
|
|a 0000038667
|b BOK
|c ACTS
|e 2nd Floor, Shah Alam
|